[Event "AUT-ch U10"]
[Site "Feldkirchen"]
[Date "1998.??.??"]
[Round "6"]
[White "Braeuer, Daniel"]
[Black "Begusch, Michael"]
[Result "1/2-1/2"]
[WhiteElo "1313"]
[BlackElo "1213"]
[PlyCount "40"]
[EventDate "1998.05.30"]
[EventType "swiss"]
[EventRounds "7"]
[EventCountry "AUT"]
[SourceTitle "EXT 2000"]
[Source "ChessBase"]
[SourceDate "1999.11.16"]
[SourceVersion "1"]
[SourceVersionDate "1999.11.16"]
[SourceQuality "1"]

1. d4 d5 2. c4 dxc4 3. e3 Nf6 4. Bxc4 Nc6 5. Nf3 Bg4 6. Be2 e6 7. h3 Bb4+ 8. Nc3 Bh5 9. 0-0 0-0 10. a3 Ba5 11. b4 Bb6 12. Ne5 Bxe2 13. Nxe2 Nxe5 14. dxe5 Qxd1 15. Rxd1 Ne8 16. a4 a6 17. a5 Ba7 18. Nd4 c6 19. Bb2 Nc7 20. Rd3 Rad8 1/2-1/2

[Event "AUT-ch U10"]
[Site "Feldkirchen"]
[Date "1998.??.??"]
[Round "2"]
[White "Braeuer, Daniel"]
[Black "Reiter, Armin"]
[Result "1-0"]
[WhiteElo "1313"]
[BlackElo "1288"]
[PlyCount "91"]
[EventDate "1998.05.30"]
[EventType "swiss"]
[EventRounds "7"]
[EventCountry "AUT"]
[SourceTitle "EXT 2000"]
[Source "ChessBase"]
[SourceDate "1999.11.16"]
[SourceVersion "1"]
[SourceVersionDate "1999.11.16"]
[SourceQuality "1"]

1. d4 d5 2. c4 dxc4 3. e4 Nf6 4. Nc3 Nc6 5. Nf3 Bg4 6. Bxc4 e6 7. h3 Bxf3 8. Qxf3 Nxd4 9. Qd1 Bc5 10. 0-0 0-0 11. Be3 e5 12. Bg5 h6 13. Bh4 c6 14. Na4 b6 15. Nxc5 bxc5 16. f4 Qd6 17. fxe5 Qxe5 18. Bxf6 gxf6 19. Qg4+ Kh7 20. Rf4 Qg5 21. Raf1 Qxg4 22. Rxg4 h5 23. Rh4 Kg6 24. g4 Kg5 25. Rxh5+ Kg6 26. Bd3 Kg7 27. g5 fxg5 28. Rxg5+ Kh6 29. Rg4 Rad8 30. Rf6+ Kh5 31. Bc4 Rd7 32. Rf2 f5 33. exf5 Rxf5 34. Rxf5+ Nxf5 35. Be6 Rd1+ 36. Kf2 Nd4 37. Bf7+ Kh6 38. Rg6+ Kh7 39. h4 Nf5 40. Rxc6 Rd2+ 41. Ke1 Rxb2 42. Bg6+ Kg7 43. Bxf5 Rxa2 44. Rxc5 Ra1+ 45. Kd2 Ra2+ 46. Bc2 1-0

[Event "AUT-ch U10"]
[Site "Feldkirchen"]
[Date "1998.??.??"]
[Round "3"]
[White "Wolfram, Dominik"]
[Black "Braeuer, Daniel"]
[Result "1-0"]
[WhiteElo "1429"]
[BlackElo "1313"]
[PlyCount "59"]
[EventDate "1998.05.30"]
[EventType "swiss"]
[EventRounds "7"]
[EventCountry "AUT"]
[SourceTitle "EXT 2000"]
[Source "ChessBase"]
[SourceDate "1999.11.16"]
[SourceVersion "1"]
[SourceVersionDate "1999.11.16"]
[SourceQuality "1"]

1. d4 d5 2. c4 e6 3. Nc3 Nc6 4. Nf3 Nf6 5. Bg5 Be7 6. e3 h6 7. Bh4 0-0 8. Bd3 Bd7 9. 0-0 Nb4 10. Be2 Ne4 11. Bxe7 Qxe7 12. a3 Nc6 13. cxd5 Nxc3 14. bxc3 exd5 15. Qb3 Be6 16. Qxb7 Na5 17. Qa6 Nc4 18. Bxc4 dxc4 19. Ne5 Qg5 20. g3 Bh3 21. Rfc1 f6 22. Qxc4+ Kh8 23. Nf7+ Rxf7 24. Qxf7 Qf5 25. c4 Qf3 26. Qd5 Qe2 27. Qxa8+ Kh7 28. Qe4+ Kh8 29. Rab1 Qa2 30. Rb8+ 1-0

[Event "AUT-ch U10"]
[Site "Feldkirchen"]
[Date "1998.??.??"]
[Round "4"]
[White "Zrunek, Axel"]
[Black "Braeuer, Daniel"]
[Result "1-0"]
[WhiteElo "1460"]
[BlackElo "1313"]
[PlyCount "67"]
[EventDate "1998.05.30"]
[EventType "swiss"]
[EventRounds "7"]
[EventCountry "AUT"]
[SourceTitle "EXT 2000"]
[Source "ChessBase"]
[SourceDate "1999.11.16"]
[SourceVersion "1"]
[SourceVersionDate "1999.11.16"]
[SourceQuality "1"]

1. e4 e5 2. Nf3 Nc6 3. Bb5 Nf6 4. Nc3 Bd6 5. d3 a6 6. Ba4 b5 7. Bb3 0-0 8. a3 Bc5 9. 0-0 d6 10. Bg5 h6 11. Bh4 Bg4 12. h3 Bh5 13. Re1 Nd4 14. Ba2 Nxf3+ 15. gxf3 b4 16. Nd5 bxa3 17. Nxf6+ gxf6 18. bxa3 Bxa3 19. Qd2 Rb8 20. Qxh6 Bb2 21. Bxf6 Qxf6 22. Qxf6 Bxa1 23. Rxa1 Rb2 24. c4 a5 25. f4 Re8 26. fxe5 dxe5 27. f4 Bf3 28. fxe5 Rg2+ 29. Kf1 Rg3 30. c5 Bh1 31. Ke1 Rf3 32. Qg6+ Kh8 33. Bxf7 Rd8 34. Qh6# 1-0